Statistiken für Unterlagen nach ArchivG NRW

Klicken Sie hier um das Quiz zu spielen!

Allgemein

  • Dieses Quiz wurde 7 mal gespielt
  • Das Durchschnittsergebnis liegt bei 9 aus 15

Antwortstatistiken

Antwort% Korrekt
Karten
100%
Akten
67%
amtliche Publikationen
67%
Bilddokumente
67%
Filmdokumente
67%
Pläne
67%
Risse
67%
Schriftstücke
67%
Siegel
67%
Tondokumente
67%
Urkunden
67%
Amtsbücher
33%
Hilfsmittel und ergänzende Daten, die für die Erhaltung, das Verständnis dieser Informationen und deren Nutzung notwendig sind
33%
Karteien
33%
Plakate
33%

Verteilung der Resultate

Perzentil nach korrekt beantworteten Fragen

Anzahl Personen mit jedem Resultat

Ihre Resultats-Entwicklung

Sie haben dieses Quiz noch nicht gespielt